[Event "Olympiad Women-38"]
[Site "Dresden"]
[Date "2008.11.22"]
[Round "9"]
[White "Moylan, Laura"]
[Black "Al Jelda, Fatma"]
[Result "1/2-1/2"]
[WhiteElo "2114"]
[BlackElo "1857"]
[PlyCount "162"]
[EventDate "2008.11.13"]
[EventType "team-swiss"]
[EventRounds "11"]
[EventCountry "GER"]
[SourceTitle "CBM 128"]
[Source "ChessBase"]
[SourceDate "2009.01.28"]
[SourceVersion "1"]
[SourceVersionDate "2009.01.28"]
[SourceQuality "1"]
[WhiteTeam "Australia (W)"]
[BlackTeam "Syria (W)"]
[WhiteTeamCountry "AUS"]
[BlackTeamCountry "SYR"]

1. e4 e6 2. d3 d5 3. Nd2 Nf6 4. Ngf3 b6 5. c3 Bb7 6. e5 Nfd7 7. d4 c5 8. Bd3 Be7 9. Qe2 0-0 10. a3 Re8 11. h4 f6 12. exf6 Bxf6 13. Ng5 Nf8 14. dxc5 bxc5 15. c4 Nc6 16. Ndf3 Nd4 17. Nxd4 Bxd4 18. Qc2 h6 19. Nf3 Qf6 20. Nxd4 cxd4 21. cxd5 Bxd5 22. f3 Rac8 23. Qe2 e5 24. Be4 Bb3 25. Bd2 Ne6 26. Rc1 Nf4 27. Bxf4 Qxf4 28. Rxc8 Rxc8 29. 0-0 Bc4 30. Bd3 Bxd3 31. Qxd3 Qxh4 32. Qb5 Qe7 33. Re1 Rc5 34. Qb3+ Kh8 35. Qd3 Qc7 36. Qe4 Qb6 37. Qa8+ Kh7 38. Qe4+ Qg6 39. f4 exf4 40. Qxf4 Rc2 41. Qe4 Qxe4 42. Rxe4 d3 43. Rd4 d2 44. Kf1 Rxb2 45. Ke2 d1Q+ 46. Kxd1 Rxg2 47. Rd7 a6 48. Ra7 Rg6 49. Ke2 h5 50. Kf2 h4 51. Rc7 Rb6 52. Rc4 g5 53. a4 Kh6 54. Kf3 Kg6 55. a5 Rb3+ 56. Kg2 h3+ 57. Kh2 Kh5 58. Rc6 Kh4 59. Rxa6 Rb2+ 60. Kh1 Kg3 61. Rb6 Ra2 62. Rb3+ Kh4 63. a6 Rxa6 64. Rb4+ g4 65. Kh2 Ra2+ 66. Kh1 Re2 67. Kg1 Kg3 68. Rb1 Kf3 69. Rf1+ Ke3 70. Rf8 g3 71. Re8+ Kd2 72. Rd8+ Ke1 73. Rd3 Rg2+ 74. Kh1 Kf2 75. Rd2+ Kf3 76. Rxg2 hxg2+ 77. Kg1 Kg4 78. Kxg2 Kf4 79. Kg1 Kf3 80. Kf1 Kf4 81. Kg1 Ke5 1/2-1/2

[Event "Olympiad Women-38"]
[Site "Dresden"]
[Date "2008.11.16"]
[Round "4"]
[White "Zepeda, Sonia"]
[Black "Moylan, Laura"]
[Result "1-0"]
[WhiteElo "2118"]
[BlackElo "2114"]
[PlyCount "93"]
[EventDate "2008.11.13"]
[EventType "team-swiss"]
[EventRounds "11"]
[EventCountry "GER"]
[SourceTitle "CBM 128"]
[Source "ChessBase"]
[SourceDate "2009.01.28"]
[SourceVersion "1"]
[SourceVersionDate "2009.01.28"]
[SourceQuality "1"]
[WhiteTeam "El Salvador (W)"]
[BlackTeam "Australia (W)"]
[WhiteTeamCountry "ESA"]
[BlackTeamCountry "AUS"]

1. e4 c5 2. Nf3 d6 3. d4 cxd4 4. Nxd4 Nf6 5. Nc3 g6 6. Be3 Bg7 7. f3 Nc6 8. Qd2 0-0 9. Bc4 Bd7 10. 0-0-0 Rc8 11. Bb3 Ne5 12. Kb1 Re8 13. g4 Qa5 14. h4 Rxc3 15. Qxc3 Qxc3 16. bxc3 Rc8 17. Kb2 a5 18. a3 b5 19. h5 Ne8 20. hxg6 hxg6 21. Bh6 Bh8 22. Rdg1 b4 23. f4 Nc4+ 24. Ka2 bxa3 25. Nf5 Bf6 26. g5 Bxf5 27. exf5 Bxc3 28. fxg6 fxg6 29. Rg3 Bg7 30. Re3 Bxh6 31. Rxh6 Kf7 32. Rd3 Rc5 33. Rd4 d5 34. Rxd5 Rxd5 35. Bxc4 Nc7 36. Kxa3 Ke6 37. Bxd5+ Nxd5 38. Rxg6+ Kf5 39. Ra6 Nxf4 40. Rxa5+ e5 41. c4 Ng6 42. c5 Ne7 43. Ra7 Nc6 44. g6 Nxa7 45. g7 Nb5+ 46. Kb4 Nd4 47. g8Q 1-0

[Event "Doeberl Cup 46th"]
[Site "Canberra"]
[Date "2008.03.21"]
[Round "3"]
[White "Moylan, Laura"]
[Black "Canfell, Mike J"]
[Result "1-0"]
[WhiteElo "2092"]
[BlackElo "1941"]
[PlyCount "69"]
[EventDate "2008.03.20"]
[EventType "swiss"]
[EventRounds "9"]
[EventCountry "AUS"]
[SourceTitle "CBM 123 Extra"]
[Source "ChessBase"]
[SourceDate "2008.05.06"]
[SourceVersion "1"]
[SourceVersionDate "2008.05.06"]
[SourceQuality "1"]

1. e4 c5 2. Nf3 d6 3. d4 cxd4 4. Nxd4 Nf6 5. Nc3 a6 6. f4 e6 7. Qf3 Qb6 8. Nb3 Qc7 9. a4 b6 10. Bd3 Bb7 11. 0-0 Nbd7 12. Bd2 Be7 13. Rae1 0-0 14. Qh3 Rfe8 15. Nd4 g6 16. Nf3 Bf8 17. e5 dxe5 18. fxe5 Nd5 19. Ng5 Bc5+ 20. Kh1 Nf8 21. Rxf7 Re7 22. Rxe7 Bxe7 23. Nxe6 Qd7 24. Nxd5 Bxd5 25. Nf4 Ne6 26. Nxe6 Bxe6 27. Bc4 Qxd2 28. Qxe6+ Kh8 29. Rf1 Qg5 30. Rf7 Qc1+ 31. Bf1 Rf8 32. Rxf8+ Bxf8 33. Qf6+ Kg8 34. e6 Qe1 35. Qf7+ 1-0

[Event "Kuala Lumpur op 4th"]
[Site "Kuala Lumpur"]
[Date "2007.08.25"]
[Round "9"]
[White "Mas, Hafizulhelmi"]
[Black "Moylan, Laura"]
[Result "1-0"]
[WhiteElo "2372"]
[BlackElo "2100"]
[PlyCount "59"]
[EventDate "2007.08.20"]
[EventType "swiss"]
[EventRounds "11"]
[EventCountry "MAS"]
[SourceTitle "CBM 120 Extra"]
[Source "ChessBase"]
[SourceDate "2007.11.01"]
[SourceVersion "1"]
[SourceVersionDate "2007.11.01"]
[SourceQuality "1"]

1. e4 c5 2. f4 d5 3. exd5 Qxd5 4. Nc3 Qd6 5. Nf3 Nc6 6. Bb5 Bd7 7. 0-0 Nf6 8. d3 a6 9. Bxc6 Bxc6 10. Ne5 g6 11. Be3 Bg7 12. Qd2 b6 13. a4 Bb7 14. Qf2 Rc8 15. h3 Nd7 16. Nxd7 Qxd7 17. Kh2 Qc6 18. Rad1 e5 19. Rd2 exf4 20. Bxf4 0-0 21. Qh4 f5 22. Bh6 Be5+ 23. Kh1 Rfd8 24. Re1 Bf6 25. Qc4+ Kh8 26. Re6 Qc7 27. Rxf6 Qg3 28. Qf4 Qe1+ 29. Kh2 Re8 30. Rxb6 1-0

[Event "Kuala Lumpur op 4th"]
[Site "Kuala Lumpur"]
[Date "2007.08.24"]
[Round "7"]
[White "Tirto"]
[Black "Moylan, Laura"]
[Result "1-0"]
[WhiteElo "2418"]
[BlackElo "2100"]
[PlyCount "71"]
[EventDate "2007.08.20"]
[EventType "swiss"]
[EventRounds "11"]
[EventCountry "MAS"]
[SourceTitle "CBM 120 Extra"]
[Source "ChessBase"]
[SourceDate "2007.11.01"]
[SourceVersion "1"]
[SourceVersionDate "2007.11.01"]
[SourceQuality "1"]

1. e4 c5 2. Nf3 d6 3. d4 cxd4 4. Nxd4 Nf6 5. Nc3 g6 6. Be3 Bg7 7. f3 Nc6 8. Qd2 0-0 9. Bc4 Bd7 10. 0-0-0 Rc8 11. Bb3 Ne5 12. Kb1 Re8 13. g4 Qa5 14. h4 Nc4 15. Bxc4 Rxc4 16. Nb3 Qc7 17. e5 dxe5 18. g5 Bc6 19. gxf6 Bxf6 20. Ne4 Bxe4 21. fxe4 Rxe4 22. h5 e6 23. hxg6 hxg6 24. Nc5 Rf4 25. Nd7 Bg7 26. Qh2 f6 27. Bxf4 exf4 28. Qh7+ Kf7 29. Rh6 Rd8 30. Qxg6+ Kg8 31. Nxf6+ Kf8 32. Nh7+ Kg8 33. Qxe6+ Kh8 34. Rxd8+ Qxd8 35. Rh1 Bh6 36. Qxh6 1-0

[Event "Kuala Lumpur op 4th"]
[Site "Kuala Lumpur"]
[Date "2007.08.22"]
[Round "6"]
[White "Moylan, Laura"]
[Black "Wallis, Christopher"]
[Result "1-0"]
[WhiteElo "2100"]
[BlackElo "2238"]
[PlyCount "101"]
[EventDate "2007.08.20"]
[EventType "swiss"]
[EventRounds "11"]
[EventCountry "MAS"]
[SourceTitle "CBM 120 Extra"]
[Source "ChessBase"]
[SourceDate "2007.11.01"]
[SourceVersion "1"]
[SourceVersionDate "2007.11.01"]
[SourceQuality "1"]

1. e4 e5 2. Nf3 Nc6 3. d4 exd4 4. Bc4 Nf6 5. e5 d5 6. Bb5 Ne4 7. Nxd4 Bd7 8. Bxc6 bxc6 9. 0-0 Bc5 10. Be3 Qe7 11. f3 Nd6 12. Bf2 Nf5 13. f4 Bb6 14. Nxf5 Bxf5 15. Nd2 0-0 16. Nb3 f6 17. exf6 Qxf6 18. c3 Be4 19. g3 Qe6 20. Bxb6 Qh3 21. Rf2 axb6 22. Nd4 Rae8 23. Qf1 Qd7 24. Nf3 Bxf3 25. Rxf3 Re4 26. Re1 Rfe8 27. Rxe4 dxe4 28. Re3 Qd2 29. Re2 Qd5 30. Qe1 Qc5+ 31. Kg2 e3 32. Qd1 Qc4 33. Qb3 Qf7 34. Qxf7+ Kxf7 35. Kf3 Rd8 36. Kxe3 Re8+ 37. Kd3 Rd8+ 38. Kc4 Rd5 39. b4 Rd1 40. a4 Ra1 41. Kb3 Rb1+ 42. Rb2 Ra1 43. Ra2 Rb1+ 44. Kc4 Rd1 45. a5 Rd7 46. a6 Rd8 47. b5 c5 48. a7 Ra8 49. Kd5 c6+ 50. Kxc6 Rc8+ 51. Kb7 1-0

[Event "Sydney op"]
[Site "Parramatta"]
[Date "2007.04.13"]
[Round "7"]
[White "Moylan, Laura"]
[Black "Lin, Zhigen Wilson"]
[Result "1/2-1/2"]
[WhiteElo "2092"]
[BlackElo "2189"]
[PlyCount "142"]
[EventDate "2007.04.10"]
[EventType "swiss"]
[EventRounds "9"]
[EventCountry "AUS"]
[SourceTitle "CBM 117 Extra"]
[Source "ChessBase"]
[SourceDate "2007.05.09"]
[SourceVersion "1"]
[SourceVersionDate "2007.05.09"]
[SourceQuality "1"]

1. d4 d5 2. Nc3 Nf6 3. Bg5 Nbd7 4. f3 c6 5. Qd2 e5 6. dxe5 Nxe5 7. e4 Bb4 8. 0-0-0 h6 9. Qd4 Bxc3 10. Qxc3 Ned7 11. Bh4 dxe4 12. fxe4 0-0 13. e5 Nd5 14. Qe1 Qc7 15. Bg3 Qb6 16. Bf2 Qc7 17. Bg3 Qb6 18. Bf2 Qb4 19. Nf3 Qxe1 20. Rxe1 Re8 21. Bc4 N5b6 22. Bb3 Nf8 23. Rhg1 Be6 24. g4 Nd5 25. Rg3 a5 26. a4 Nf4 27. Nd4 N8g6 28. Bxe6 Nxe6 29. Nf3 Rad8 30. h4 Nef4 31. Be3 Nd5 32. Bd2 b6 33. h5 Ngf4 34. g5 Kh7 35. Rg4 Ne6 36. gxh6 gxh6 37. Reg1 Ne7 38. c3 Nf5 39. Nh4 Nxh4 40. Rxh4 Nc5 41. Bf4 b5 42. axb5 cxb5 43. Rhg4 Ne6 44. Be3 Rd5 45. Rf1 Re7 46. Rf6 Ng5 47. Bxg5 hxg5 48. Rxg5 Rdxe5 49. Rxf7+ Kh6 50. Rxe5 Rxe5 51. Ra7 a4 52. b3 axb3 53. Kb2 Rxh5 54. Kxb3 Kg6 55. Kb4 Kf6 56. Rb7 Ke6 57. Rxb5 Rh1 58. Kc5 Kd7 59. Rb7+ Kc8 60. Rb6 Rh5+ 61. Kb4 Kc7 62. Rg6 Rh4+ 63. c4 Rh5 64. c5 Rh1 65. Rd6 Rb1+ 66. Kc4 Rc1+ 67. Kd5 Rd1+ 68. Ke6 Rc1 69. Rd7+ Kc6 70. Rd8 Re1+ 71. Kf5 Kxc5 1/2-1/2

[Event "Sydney op"]
[Site "Parramatta"]
[Date "2007.04.13"]
[Round "6"]
[White "Tsagarakis, Angelo"]
[Black "Moylan, Laura"]
[Result "0-1"]
[WhiteElo "1901"]
[BlackElo "2092"]
[PlyCount "110"]
[EventDate "2007.04.10"]
[EventType "swiss"]
[EventRounds "9"]
[EventCountry "AUS"]
[SourceTitle "EXT 2023"]
[Source "ChessBase"]
[SourceDate "2022.10.05"]
[SourceVersion "1"]
[SourceVersionDate "2022.10.05"]
[SourceQuality "1"]

1. Nf3 c5 2. b3 d5 3. e3 a6 4. Bb2 Nc6 5. Be2 Bg4 6. d3 e6 7. Nbd2 Qc7 8. c4 Nge7 9. Rc1 Rd8 10. d4 cxd4 11. Nxd4 Bxe2 12. Qxe2 e5 13. Nxc6 Nxc6 14. 0-0 Bb4 15. cxd5 Rxd5 16. Nf3 f6 17. Qc4 Qf7 18. Qg4 Be7 19. Rfd1 0-0 20. h3 Rfd8 21. Rf1 Bf8 22. Qe4 Nb4 23. Rc4 Nd3 24. Ba1 b5 25. Rc2 Be7 26. Qg4 Nb4 27. Re2 Bf8 28. a4 Rd1 29. axb5 axb5 30. Ree1 Rxe1 31. Rxe1 Qxb3 32. h4 Nc2 33. Rf1 Ra8 34. Nd2 Qd3 35. Qe6+ Kh8 36. Nb3 Qc4 37. Qxc4 bxc4 38. Nd2 Rxa1 39. Nxc4 Rxf1+ 40. Kxf1 Na3 41. Nb2 Kg8 42. Ke2 Kf7 43. Kd3 Ke6 44. e4 Bc5 45. f3 Bd4 46. Nd1 Kd6 47. h5 Kc5 48. g3 Nc4 49. Nc3 Bxc3 50. Kxc3 Ne3 51. Kd3 Nf1 52. g4 Nh2 53. Ke2 Nxf3 54. Kxf3 Kd4 55. h6 gxh6 0-1

[Event "Doeberl Cup 45th"]
[Site "Canberra"]
[Date "2007.04.06"]
[Round "1"]
[White "Mikhalevski, Victor"]
[Black "Moylan, Laura"]
[Result "1-0"]
[WhiteElo "2590"]
[BlackElo "2092"]
[PlyCount "73"]
[EventDate "2007.04.06"]
[EventType "swiss"]
[EventRounds "7"]
[EventCountry "AUS"]
[SourceTitle "CBM 117 Extra"]
[Source "ChessBase"]
[SourceDate "2007.05.09"]
[SourceVersion "1"]
[SourceVersionDate "2007.05.09"]
[SourceQuality "1"]

1. d4 Nf6 2. c4 c5 3. d5 b5 4. Nf3 g6 5. cxb5 a6 6. b6 Qxb6 7. Nc3 d6 8. e4 Nbd7 9. Nd2 Bg7 10. Be2 Bb7 11. 0-0 0-0 12. a4 a5 13. Nc4 Qd8 14. Na3 Nb6 15. Nab5 Nc8 16. Bf4 Ne8 17. Qd2 Nc7 18. Bh6 Nxb5 19. axb5 e6 20. Bg5 Qd7 21. Rfd1 exd5 22. Nxd5 Bxd5 23. Qxd5 Nb6 24. Qxd6 Qxd6 25. Rxd6 Bxb2 26. Ra2 Nc8 27. Rc6 Bd4 28. Bf4 Re8 29. b6 Nxb6 30. Rxb6 Rxe4 31. Bh6 c4 32. Rb5 c3 33. Rbxa5 Rae8 34. g3 Bg7 35. Bxg7 Kxg7 36. Kf1 Rb4 37. Rc2 1-0

[Event "Olympiad Women-37"]
[Site "Turin"]
[Date "2006.06.04"]
[Round "13"]
[White "Moylan, Laura"]
[Black "Connolly, Suzanne"]
[Result "1/2-1/2"]
[WhiteElo "2127"]
[BlackElo "2027"]
[PlyCount "52"]
[EventDate "2006.05.21"]
[EventType "team-swiss"]
[EventRounds "13"]
[EventCountry "ITA"]
[SourceTitle "CBM 112 Extra"]
[Source "ChessBase"]
[SourceDate "2006.07.14"]
[SourceVersion "1"]
[SourceVersionDate "2006.07.14"]
[SourceQuality "1"]
[WhiteTeam "Australia (W)"]
[BlackTeam "Ireland (W)"]
[WhiteTeamCountry "AUS"]
[BlackTeamCountry "IRL"]

1. e4 c6 2. d4 d5 3. Nc3 dxe4 4. Nxe4 Bf5 5. Ng3 Bg6 6. N1e2 e6 7. Nf4 Bd6 8. h4 Qc7 9. Nxg6 hxg6 10. Ne4 Bf4 11. g3 Bxc1 12. Qxc1 Nd7 13. Qe3 Ngf6 14. Ng5 Nb6 15. 0-0-0 0-0-0 16. Bh3 Rhe8 17. Rhe1 Kb8 18. Qe5 Rd7 19. c3 Rde7 20. Rd3 Nbd7 21. Qxc7+ Kxc7 22. Kc2 Nf8 23. Rde3 N6h7 24. Nf3 Nf6 25. Ng5 N6h7 26. Nf3 Nf6 1/2-1/2

[Event "Doeberl Cup 44th"]
[Site "Canberra"]
[Date "2006.04.14"]
[Round "2"]
[White "Moylan, Laura"]
[Black "Hoffmann, Achim Gunter"]
[Result "0-1"]
[WhiteElo "2103"]
[BlackElo "2188"]
[PlyCount "118"]
[EventDate "2006.04.14"]
[EventType "swiss"]
[EventRounds "7"]
[EventCountry "AUS"]
[SourceTitle "CBM 111 Extra"]
[Source "ChessBase"]
[SourceDate "2006.05.09"]
[SourceVersion "1"]
[SourceVersionDate "2006.05.09"]
[SourceQuality "1"]

1. e4 e5 2. Nf3 Nc6 3. d4 exd4 4. Bc4 Na5 5. Bd3 c5 6. 0-0 d6 7. c3 dxc3 8. Nxc3 Be6 9. Ng5 Be7 10. Nxe6 fxe6 11. Qg4 Kf7 12. f4 Bf6 13. Bc2 Bd4+ 14. Kh1 Nf6 15. Qh3 h5 16. e5 dxe5 17. fxe5 Bxe5 18. Ne4 Qd5 19. Be3 Bd4 20. Ng5+ Ke7 21. Rae1 e5 22. Bxd4 cxd4 23. Qa3+ Kd7 24. Bf5+ Kc7 25. Qe7+ Kb6 26. Qxg7 Qd6 27. Be6 Ng4 28. Bxg4 Rhg8 29. Qf6 Qxf6 30. Rxf6+ Nc6 31. Rxe5 hxg4 32. Rd5 Rad8 33. Rff5 d3 34. Ne6 Rxd5 35. Rxd5 Re8 36. h3 Rxe6 37. Rxd3 gxh3 38. Rxh3 Nd4 39. Rd3 Kc5 40. Kh2 Re2 41. Kh3 Rxb2 42. g4 Rxa2 43. g5 Ne6 44. Rg3 b5 45. g6 b4 46. g7 Nxg7 47. Rxg7 a5 48. Kg3 b3 49. Kf3 Rd2 50. Ke3 Rd6 51. Rb7 Rb6 52. Rxb6 Kxb6 53. Kd3 a4 54. Kc3 Kc5 55. Kb2 Kc4 56. Kb1 Kc3 57. Ka1 b2+ 58. Kb1 a3 59. Ka2 Kc2 0-1

[Event "Sydney Surrey Hills op"]
[Site "Surrey Hills"]
[Date "2006.03.19"]
[Round "5"]
[White "Xie, George Wendi"]
[Black "Moylan, Laura"]
[Result "1-0"]
[WhiteElo "2374"]
[BlackElo "2112"]
[PlyCount "61"]
[EventDate "2006.02.19"]
[EventType "swiss"]
[EventRounds "9"]
[EventCountry "AUS"]
[SourceTitle "EXT 2008"]
[Source "ChessBase"]
[SourceDate "2007.11.25"]
[SourceVersion "1"]
[SourceVersionDate "2007.11.25"]
[SourceQuality "1"]

1. e4 c5 2. Nc3 Nc6 3. Bb5 Nd4 4. Bc4 e6 5. Nge2 Nf6 6. 0-0 a6 7. a4 d5 8. exd5 exd5 9. Ba2 Ne6 10. d4 c4 11. b3 cxb3 12. Bxb3 Bd6 13. Nxd5 Bxh2+ 14. Kxh2 Nxd5 15. Ba3 Nef4 16. Nxf4 Nxf4 17. g3 Qg5 18. Qf3 Qh6+ 19. Kg1 g5 20. Rfe1+ Kd8 21. gxf4 gxf4 22. Qd5+ Bd7 23. Re7 Rg8+ 24. Kf1 Qh3+ 25. Ke2 f3+ 26. Kd2 Rg2 27. Qa5+ Kc8 28. Kc3 Rxf2 29. Bd6 Rxc2+ 30. Bxc2 f2+ 31. Kb2 1-0

[Event "Sydney Surrey Hills op"]
[Site "Surrey Hills"]
[Date "2006.03.12"]
[Round "4"]
[White "Moylan, Laura"]
[Black "Song, Raymond"]
[Result "1/2-1/2"]
[WhiteElo "2112"]
[BlackElo "2085"]
[PlyCount "82"]
[EventDate "2006.02.19"]
[EventType "swiss"]
[EventRounds "9"]
[EventCountry "AUS"]
[SourceTitle "EXT 2008"]
[Source "ChessBase"]
[SourceDate "2007.11.25"]
[SourceVersion "1"]
[SourceVersionDate "2007.11.25"]
[SourceQuality "1"]

1. e4 c5 2. Nf3 e6 3. d4 cxd4 4. Nxd4 Nf6 5. Nc3 Bb4 6. e5 Nd5 7. Bd2 Nxc3 8. bxc3 Be7 9. Qg4 0-0 10. Bh6 g6 11. h4 Qa5 12. Qg3 d6 13. Nb5 Nc6 14. h5 Nxe5 15. f4 Bd7 16. fxe5 Bxb5 17. Bxf8 Bxf8 18. Bxb5 Qxb5 19. exd6 Bg7 20. Rd1 Rd8 21. hxg6 hxg6 22. Rh3 Qc5 23. Qe3 Qc6 24. Qf3 Qc5 25. Qxb7 Bxc3+ 26. Kf1 Bf6 27. Qb3 Kg7 28. Qe3 Qxc2 29. Qh6+ Kg8 30. Rc1 Qxa2 31. Qh7+ Kf8 32. Rc7 Qb1+ 33. Ke2 Qb5+ 34. Rd3 Bg7 35. Kd2 Qg5+ 36. Kd1 Qxg2 37. d7 Qf1+ 38. Kc2 Qe2+ 39. Rd2 Qe4+ 40. Kc1 Qe1+ 41. Kc2 Qe4+ 1/2-1/2

[Event "Doeberl Cup 42nd"]
[Site "Canberra"]
[Date "2004.04.12"]
[Round "7"]
[White "Song, Angela"]
[Black "Moylan, Laura"]
[Result "0-1"]
[WhiteElo "1806"]
[BlackElo "2100"]
[PlyCount "120"]
[EventDate "2004.04.09"]
[EventType "swiss"]
[EventRounds "7"]
[EventCountry "AUS"]
[SourceTitle "EXT 2005"]
[Source "ChessBase"]
[SourceDate "2004.11.15"]
[SourceVersion "1"]
[SourceVersionDate "2004.11.15"]
[SourceQuality "1"]

1. e4 c5 2. Nf3 d6 3. d4 cxd4 4. Nxd4 Nf6 5. Nc3 g6 6. f4 Nbd7 7. Nf3 Nc5 8. e5 Nfe4 9. Nxe4 Nxe4 10. Qd4 Qa5+ 11. c3 d5 12. Nd2 Nxd2 13. Bxd2 e6 14. c4 Bb4 15. cxd5 Bxd2+ 16. Qxd2 Qxd2+ 17. Kxd2 exd5 18. Rc1 Bd7 19. Be2 Bc6 20. Bf3 Ke7 21. Rhd1 Rhd8 22. Ke2 Rd7 23. Rc5 Rad8 24. Bg4 Rc7 25. b4 b6 26. Rcc1 Bb5+ 27. Kd2 Rxc1 28. Rxc1 Bc4 29. a3 b5 30. g3 a5 31. Be2 axb4 32. axb4 Ra8 33. Bxc4 dxc4 34. Kc3 Rd8 35. Rb1 Rd3+ 36. Kc2 Rf3 37. Rd1 Rb3 38. Rb1 Rxb1 39. Kxb1 Ke6 40. Kc2 Kf5 41. h3 g5 42. fxg5 Kxg5 43. e6 fxe6 44. Kc3 e5 45. Kd2 e4 46. Kc2 e3 47. Kc3 Kf5 48. Kc2 Ke4 49. g4 Kf4 50. Kc3 Kg3 51. g5 Kxh3 52. Kc2 Kg3 53. Kd1 Kf2 54. Kc2 e2 55. Kc3 e1Q+ 56. Kd4 c3 57. Kc5 c2 58. Kxb5 c1Q 59. g6 Qe5+ 60. Ka6 Qc6+ 0-1

[Event "Doeberl Cup 42nd"]
[Site "Canberra"]
[Date "2004.04.09"]
[Round "1"]
[White "Neeman, Jeremy"]
[Black "Moylan, Laura"]
[Result "0-1"]
[WhiteElo "1701"]
[BlackElo "2100"]
[PlyCount "98"]
[EventDate "2004.04.09"]
[EventType "swiss"]
[EventRounds "7"]
[EventCountry "AUS"]
[SourceTitle "EXT 2005"]
[Source "ChessBase"]
[SourceDate "2004.11.15"]
[SourceVersion "1"]
[SourceVersionDate "2004.11.15"]
[SourceQuality "1"]

1. e4 c5 2. b3 Nc6 3. Bb2 d6 4. f4 e5 5. Nf3 exf4 6. Bb5 a6 7. Bxc6+ bxc6 8. 0-0 d5 9. Ne5 d4 10. c3 Be6 11. cxd4 cxd4 12. Nxc6 Qb6 13. Ne5 g5 14. d3 Bg7 15. Nf3 h6 16. Na3 Rd8 17. Qd2 Nf6 18. Nc2 Ng4 19. Rfe1 0-0 20. e5 Ne3 21. Bxd4 Rxd4 22. Ncxd4 g4 23. Nxe6 fxe6 24. Nh4 Nf5+ 25. Qf2 Qxf2+ 26. Kxf2 Nxh4 27. Rac1 Rd8 28. Rc4 Rxd3 29. Rxf4 h5 30. Re2 Rd5 31. Ra4 a5 32. h3 g3+ 33. Kxg3 Nf5+ 34. Kf2 Bxe5 35. Rae4 Bg3+ 36. Kf3 Rd3+ 37. R4e3 Rxe3+ 38. Rxe3 Nxe3 39. Kxg3 Nc2 40. Kh4 Nb4 41. a3 Nc2 42. Kxh5 Nxa3 43. Kg6 Nb5 44. h4 Nd4 45. h5 Nxb3 46. h6 a4 47. h7+ Kh8 48. Kh6 a3 49. g4 a2 0-1

[Event "Olympiad Women-35"]
[Site "Bled"]
[Date "2002.11.04"]
[Round "9.3"]
[White "Sabirova, Olga"]
[Black "Moylan, Laura"]
[Result "1-0"]
[WhiteElo "2211"]
[BlackElo "2066"]
[PlyCount "119"]
[EventDate "2002.10.26"]
[EventType "team-swiss"]
[EventRounds "14"]
[EventCountry "SLO"]
[SourceTitle "EXT 2003"]
[Source "ChessBase"]
[SourceDate "2002.11.25"]
[SourceVersion "1"]
[SourceVersionDate "2002.11.25"]
[SourceQuality "1"]
[WhiteTeam "Uzbekistan (W)"]
[BlackTeam "Australia (W)"]
[WhiteTeamCountry "UZB"]
[BlackTeamCountry "AUS"]

1. e4 c5 2. Nc3 Nc6 3. f4 g6 4. Nf3 Bg7 5. Bb5 e6 6. Bxc6 bxc6 7. d3 d5 8. 0-0 Ne7 9. Qe1 0-0 10. e5 Ba6 11. Qf2 c4 12. d4 c5 13. dxc5 Qc7 14. g4 Rab8 15. Rb1 f5 16. g5 Nc6 17. Be3 Rfc8 18. Rfd1 Bf8 19. b3 Qa5 20. Na4 Bb5 21. Bd2 Qa6 22. Nc3 cxb3 23. axb3 d4 24. Ra1 Qb7 25. Nxb5 Qxb5 26. b4 Nxb4 27. Nxd4 Qe8 28. c3 Nd5 29. Rxa7 Bxc5 30. Ra5 Rb2 31. Qf3 Qe7 32. Be1 Bb6 33. Ra6 Qb7 34. Rda1 Qc7 35. R6a3 Bxd4+ 36. cxd4 Qc2 37. Bf2 Qd2 38. Ra8 Rb1+ 39. Rxb1 Rxa8 40. Rd1 Qxf4 41. Qxf4 Nxf4 42. Be3 Nd5 43. Bf2 Rd8 44. Ra1 Nc3 45. Kf1 Ne4 46. Be3 Rd7 47. Ke2 Rc7 48. h4 Nc3+ 49. Kd3 Nd5 50. Bd2 Kg7 51. Ra6 Kf7 52. Ra8 Nb6 53. Rb8 Nd5 54. Rh8 Kg7 55. Ra8 Ne7 56. Bb4 Nc6 57. Bf8+ Kf7 58. Bd6 Rd7 59. Kc4 Ne7 60. Kc5 1-0

[Event "Olympiad Women-35"]
[Site "Bled"]
[Date "2002.11.02"]
[Round "8.3"]
[White "Moylan, Laura"]
[Black "Chelushkina, Irina"]
[Result "1-0"]
[WhiteElo "2066"]
[BlackElo "2378"]
[PlyCount "142"]
[EventDate "2002.10.26"]
[EventType "team-swiss"]
[EventRounds "14"]
[EventCountry "SLO"]
[SourceTitle "EXT 2003"]
[Source "ChessBase"]
[SourceDate "2002.11.25"]
[SourceVersion "1"]
[SourceVersionDate "2002.11.25"]
[SourceQuality "1"]
[WhiteTeam "Australia (W)"]
[BlackTeam "Yugoslavia (W)"]
[WhiteTeamCountry "AUS"]
[BlackTeamCountry "YUG"]

1. e4 e6 2. d3 c5 3. g3 Nc6 4. Bg2 g6 5. Nc3 Bg7 6. f4 Nge7 7. Nf3 0-0 8. e5 d6 9. exd6 Nf5 10. Ne4 Nxd6 11. 0-0 c4 12. Nxd6 Qxd6 13. dxc4 Qc5+ 14. Kh1 Qxc4 15. c3 Rd8 16. Nd2 Qa6 17. Qe1 Bd7 18. Ne4 Qb6 19. Qf2 Qxf2 20. Rxf2 Na5 21. b3 Rac8 22. Bb2 b5 23. Rc1 Bc6 24. Rfc2 h6 25. Ba3 Bd5 26. Be7 Bxe4 27. Bxe4 Rd7 28. Bb4 Nc6 29. Ba3 a5 30. Kg2 f5 31. Bxc6 Rxc6 32. c4 Rdc7 33. Rd1 bxc4 34. Rd8+ Kf7 35. bxc4 g5 36. c5 Bf8 37. Rd4 Be7 38. Ra4 Ra7 39. Bb4 Rb7 40. Ba3 Rb5 41. Kf3 g4+ 42. Ke2 Bd8 43. Rd4 Be7 44. Ra4 h5 45. Kd3 Bd8 46. Rd4 Be7 47. Rd7 Ke8 48. Ra7 h4 49. Kc4 Rb8 50. Rxa5 Bd8 51. Ra7 Bc7 52. Rb2 Rc8 53. Kb5 Bd8 54. Rh7 Be7 55. gxh4 R6c7 56. Rh8+ Kf7 57. Rxc8 Rxc8 58. Rc2 e5 59. fxe5 Ke6 60. Kb6 f4 61. Bc1 f3 62. Bg5 Bxc5+ 63. Kb7 f2 64. Rxf2 Bxf2 65. Kxc8 Kxe5 66. Bd8 Kd6 67. a4 Kc6 68. a5 g3 69. hxg3 Bxg3 70. a6 Bxh4 71. a7 Kd5 1-0